| 000 | 00716nam a22002415a 4500 | ||
|---|---|---|---|
| 005 | 20161222102209.0 | ||
| 008 | 161222s2014 ua frb 000 0 eng d | ||
| 020 | _a9789779009025 | ||
| 040 |
_aEG-ScBUE _beng _cEG-ScBUE |
||
| 043 | _af-ua--- | ||
| 082 | 0 | 4 |
_a345.62 _bBEL _222 |
| 100 | 1 | _aBelal, Ahmed. | |
| 245 | 1 | 0 |
_aPrinciples of Egyptian criminal law : _bthe general part / _cAhmed Belal. |
| 250 | _a5th ed. | ||
| 260 |
_aCairo : _bDar Al-Nahda Al-Arabiya, _c2014. |
||
| 300 |
_av. 1 ; _c24 cm. |
||
| 504 | _aIncludes bibliographical references. | ||
| 505 | 2 | _aBook 1. The Criminal offence. | |
| 650 | 7 |
_aCriminal law _zEgypt. _2BUEsh |
|
| 651 | _2BUEsh | ||
| 653 |
_bLLAAWW _cDecember2016 |
||
| 942 | _2ddc | ||
| 999 |
_c23692 _d23664 |
||